أسرار الثورة المصرية : (Record no. 25819)
[ view plain ]
| 000 -الفاتح | |
|---|---|
| حقل البيانات ثابتة الطول | 01318nam a2200325 i 4500 |
| 003 - محدد رقم الضبط | |
| رقم الضبط | EG-ScBUE |
| 005 - وقت وتاريخ اخر تعامل مع التسجيلة | |
| رقم الضبط | 20240212101636.0 |
| 008 - عناصر البيانات ثابتة الطول - معلومات عامة | |
| حقل البيانات ثابتة الطول | 171227s2015 ua f 000 0 ara d |
| 017 ## - رقم الإيداع القانونى | |
| رقم الإيداع القانونى | 2015 / 11838 |
| 020 ## - الرقم الدولى المعيارى للكتب | |
| الرقم الدولى المعيارى للكتاب | 9789770717097 |
| 040 ## - مصدر الفهرسة | |
| وكالة الفهرسة الأصلية | EG-ScBUE |
| لغة الفهرسة | ara |
| قواعد الوصف | rda |
| وكالة النسخ | EG-ScBUE |
| وكالة التعديل | EG-ScBUE |
| 043 ## - رمز المنطقة الجغرافية | |
| رمز المنطقة الجغرافية | f-ua--- |
| 082 04 - رقم تصنيف ديوى العشرى | |
| رقم التصنيف | 962.052 |
| رقم المادة | س ا د |
| رقم الطبعة | 22 |
| 100 1# - المدخل الرئيسى - إسم شخصى | |
| الإسم الشخصى | سادات، محمد أنور، |
| التواريخ المصاحبة للاسم | 1981-1918، |
| الدور | مؤلف. |
| 245 10 - بيان العنوان | |
| العنوان | أسرار الثورة المصرية : |
| بقية العنوان | بواعثها الخفية وأسبابها السيكولوجية / |
| بيان المسئوليه,etc | بقلم أنور السادات ؛ تقديم جمال عبد الناصر ؛ [إعداد] صديق عفيفي. |
| 264 #1 - النشر، التوزيع | |
| مكان الناشر او الموزع | القاهرة : |
| اسم الناشر او الموزع | دار الهلال، |
| تاريخ النشر أو التوزيع | 2015. |
| 300 ## - الوصف المادى | |
| التعداد | 224 صفحة ؛ |
| أبعاد الوعاء | 24 سم |
| 336 ## - نوع المحتوى | |
| source | rdacontent |
| Carrier Type Term | نص |
| Content Type Code | txt |
| 337 ## - نوع الوسيط | |
| Media Type Term | بدون وسيط |
| source | rdamedia |
| Media Type Code | n |
| 338 ## - نوع الحامل أو الناقل | |
| Carrier Type Term | مجلد |
| Carrier Type Code | nc |
| source | rdacarrier |
| 541 ## - تبصرة المصدر المباشر للتزويد | |
| مصدر التزويد | أ. محمد فريد خميس ؛ |
| طريقة التزويد | إهداء ؛ |
| 650 ## - المدخل الاضافى بالموضوع-مصطلح موضوعى | |
| مصدر الرأس أو المصطلح | BUEsh |
| 651 #7 - المدخل الاضافى بالموضوع - اسم جغرافى | |
| الاسم الجغرافي | مصر |
| التقسيم الفرعي العام | تاريخ |
| التقسيم الفرعي الزمني | الثورة، 1952. |
| مصدر الرأس أو المصطلح | BUEsh |
| 651 #7 - المدخل الاضافى بالموضوع - اسم جغرافى | |
| الاسم الجغرافي | مصر |
| التقسيم الفرعي العام | تاريخ |
| التقسيم الفرعي الزمني | فاروق، 1936-1952. |
| مصدر الرأس أو المصطلح | BUEsh |
| 653 ## - مصطلح تكشيفى غير مقيد | |
| Resource For college | BAEPS, Political Science |
| -- | Generalities |
| Arrived date list | December2017 |
| 655 ## - مصطلح تكشيفى-نوع/شكل | |
| التقسيم الفرعي الشكلي | Reading book |
| 700 0# - المدخل الاضافى - اسم شخصى | |
| الإسم الشخصى | جمال عبد الناصر، |
| التواريخ المصاحبة للاسم | 1970-1918، |
| الدور | مقدم. |
| 700 1# - المدخل الاضافى - اسم شخصى | |
| الإسم الشخصى | عفيفي، صديق، |
| الدور | معد. |
| 942 ## - عناصر المدخل الإضافي( كوها) | |
| مصدر التصنيف او مخطط الترفيف | Dewey Decimal Classification |
| حالة التراجع | حالة الفقد | مصدر التصنيف او خطة الترفيف | حالة تلف | ليس للاعارة | مجموعات كوها | المكان الدائم | المكان الحالي | موقع الترفيف | تاريخ الاكتساب | Source of acquisition | رقم الاستدعاء | الباركود | Date last seen | تبصرة غير عامة( المفوع للعناصر المفقوده) | نوع الوعاء | مُعار |
|---|---|---|---|---|---|---|---|---|---|---|---|---|---|---|---|---|
| Dewey Decimal Classification | Donation-Gift | Central Library | Central Library | Ground Floor | 27/12/2017 | Donation | 962.052 س ا د | 000042712 | 15/07/2025 | إهداء من أ. محمد فريد خميس | Book - Borrowing | |||||
| Dewey Decimal Classification | Donation-Gift | Central Library | Central Library | Ground Floor | 27/12/2017 | Donation | 962.052 س ا د | 000042713 | 16/12/2025 | إهداء من أ. محمد فريد خميس | Book - Borrowing | 19/08/2021 | ||||
| Dewey Decimal Classification | Donation-Gift | Central Library | Central Library | Ground Floor | 27/12/2017 | Donation | 962.052 س ا د | 000042714 | 15/07/2025 | إهداء من أ. محمد فريد خميس | Book - Borrowing | 15/12/2020 | ||||
| Dewey Decimal Classification | Donation-Gift | Central Library | Central Library | Ground Floor | 09/01/2018 | Donation | 962.052 س ا د | 000042805 | 15/07/2025 | إهداء من أ. محمد فريد خميس | Book - Borrowing | |||||
| Dewey Decimal Classification | Donation-Gift | Central Library | Central Library | Ground Floor | 09/01/2018 | Donation | 962.052 س ا د | 000042806 | 15/07/2025 | إهداء من أ. محمد فريد خميس | Book - Borrowing |